Memory for Max, Claire, Ida and Company /

La serie Eclipse es una división del prestigioso sello Criterion Collection, formada por paquetes –o cofres- de películas minusvaloradas, olvidadas e incluso perdidas en formato DVD. El criterio de selección ha sido, la mayor parte de las veces, una etapa, ciclo o vertiente de la filmografía de un d...

ver descrição completa

Na minha lista:
Detalhes bibliográficos
Autor principal: King, Allan (realización)
Outros Autores: Walker, Peter (fotógrafo) (fotógrafo), Hector, Nick (montaje) (montaje), Carli, Robert (música) (música), Koresky, Michael (texto) (texto)
Formato: Slides
Idioma:inglês
Publicado em: Toronto?, Canadá : Allan King Associates, 2005, c2005
Colecção:(Eclipse Series ; 24/5)
Assuntos:
Tags: Adicionar Tag
Sem tags, seja o primeiro a adicionar uma tag!

MARC

LEADER 00000ngm^a2200000^a^4500
001 000393658
005 20250521000000.0
009 20260310121315.277
020 |a 978-1-60465-347-2 
020 |a 978-1-60465-342-7 
037 |a Acervo ITESO - Biblioteca 
041 |a ING 
082 |a 808. 8  |b CRI ECL V. 24 T. 5 
100 |a King, Allan  |e (realización) 
240 1 5 |a [The Actuality Dramas of Allan King] 
240 1 1 |a [Memory for Max, Claire, Ida and Company] 
245 1 0 |a Memory for Max, Claire, Ida and Company /  |c Realización de A. King. 
246 2 |a Título en México: no conocido/no identificado 
246 2 |a Título alternativo en español: no conocido/no identificado 
264 4 |a Toronto?, Canadá :  |b Allan King Associates,  |c 2005, c2005 
264 2 |a Nueva York, EUA :  |b Criterion Collection [distribución],  |c 2010, c2010 
300 |a 1 DVD región 1 (112 min.) :  |b color 
336 |a imagen móvil bidimensional  |b tdi  |2 rdacontenido 
337 |a video  |b v  |2 rdamedio 
338 |a videodisco  |b vd  |2 rdasoporte 
440 1 |a (Eclipse Series ;  |v 24/5) 
520 |a La serie Eclipse es una división del prestigioso sello Criterion Collection, formada por paquetes –o cofres- de películas minusvaloradas, olvidadas e incluso perdidas en formato DVD. El criterio de selección ha sido, la mayor parte de las veces, una etapa, ciclo o vertiente de la filmografía de un director, sea uno consolidado plenamente en el canon de autores o casos de revaloración de cineastas desestimados en su momento. La serie ha sido ampliada paulatinamente con paquetes que reúnen cintas de una misma compañía productora y género cinematográfico o identificadas con una corriente fílmica. Los cofres contienen de dos a siete películas, cada una de ellas incluida –por lo general- en un DVD individual. 
520 |a El volumen número 24 de la serie está dedicado al cineasta canadiense de habla inglesa Allan King (1930-2009) y conjunta cinco de sus documentales o "dramas de actualidad", como llamaba el director a sus retratos espontáneos de la cotidianidad creados sin narración fuera de cuadro, ni entrevistas y apoyados firmemente en una relación de confianza entre los sujetos delante y detrás de la cámara. Un King ya septuagenario siguió durante cuatro meses las rutinas cotidianas de ocho residentes de un centro geriátrico, quienes sufren demencia y pérdida de memoria, en Memory for Max, Claire, Ida and Company [Memoria para Max, Claire, Ida y compañía] (2005), su penúltima película y último tomo del paquete: un documental bellamente concebido, con una mirada compasiva y sobrecogedora. 
520 |a Suplementos y características especiales: 1) Reseña –en inglés- del documental, escrita por Michael Koresky, redactor de Criterion Collection, e impresa en el reverso de la cubierta. 
546 |a En inglés, con subtítulos opcionales: inglés 
649 |a XX 
650 |a Ancianos -  |x Cuidado e Higiene -  |x Tema Principal 
650 |a Profesionales de la Salud -  |x Prácticas Profesionales 
650 |a Documentales 
650 |a Cine en Inglés -  |z Canadá 
650 |a Cine Canadiense -  |y 2000-2009 
650 |a Cine Canadiense -  |y Siglo XXI 
650 |a Demencia Senil y Presenil 
650 |a Psicopatología 
650 |a Duelo 
650 |a Memoria y Olvido 
650 |a Soledad 
650 |a Asilos -  |z Toronto, Canadá 
650 |a Asilos -  |z Canadá 
650 |a Trabajo Social 
650 |a Psicología 
650 |a Geriatría 
650 |a Gerontología 
740 0 |a Being There /  |c Texto de M. Koresky. 
700 |a Walker, Peter  |e (fotógrafo) 
700 |a Hector, Nick  |e (montaje) 
700 |a Carli, Robert  |e (música) 
700 |a Koresky, Michael  |e (texto) 
910 |a Fondo General 
920 |a Audiovisuales - DVDs 
940 |a Películas 
905 |a 308 
901 |a 0500286108  |b IT2  |c DVR  |i C152567  |u 20250521 
902 |a https://opac.biblio.iteso.mx/vufind/Record/000393658